| 000 | 00478cas a2200157 4500 | ||
|---|---|---|---|
| 008 | 170427n eng u | ||
| 022 | _a00924725 | ||
| 035 | _a(Sirsi) a202651 | ||
| 050 | _ahttp://www.jstor.org/subject/britstud | ||
| 245 | _aBrowning Institute Studies | ||
| 260 | _aJSTOR | ||
| 310 | _aAnnually | ||
| 362 | _aVol. 1 , 1973 - Vol. 18 , 1990 | ||
| 520 | _aArea Studies, British Studies, Humanities, Language & Literature | ||
| 650 | _aBritish Studies | ||
| 999 |
_c5884 _d5884 |
||